Пропуск в контексте

Обществознание: Содержание и преподавание материалы конференции «чтения ушинского»

В сборнике опубликованы материалы выступлений на ежегодной научной конференции «Чтения Ушинского» за 2013 год преподавателей и аспирантов кафедр философии и экономической теории....

Fuld beskrivelse

Сохранить в:
Bibliografiske detaljer
Format: Книга
Sprog:Russian
Udgivet: Ярославль 2013
Online adgang:https://e.lanbook.com/book/166470
https://e.lanbook.com/img/cover/book/166470.jpg
Tags: Tilføj Tag
Ingen Tags, Vær først til at tagge denne postø!
LEADER 01285nam0a2200253 i 4500
001 166470
003 RuSpLAN
005 20221220174118.0
008 221220s2013 ru gs 000 0 rus
020 |a 978-5-87555-884-9 
040 |a RuSpLAN 
041 0 |a rus 
044 |a ru 
080 |a 3:001.12 
084 |a 60.63.3  |2 rubbk 
245 0 0 |a Обществознание: Содержание и преподавание  |b материалы конференции «чтения ушинского» 
260 |a Ярославль  |c 2013 
300 |a 99 с. 
504 |a Библиогр.: доступна в карточке книги, на сайте ЭБС Лань 
520 8 |a В сборнике опубликованы материалы выступлений на ежегодной научной конференции «Чтения Ушинского» за 2013 год преподавателей и аспирантов кафедр философии и экономической теории. 
521 8 |a Книга из коллекции - Социально-гуманитарные науки 
856 4 |u https://e.lanbook.com/book/166470 
856 4 8 |u https://e.lanbook.com/img/cover/book/166470.jpg 
953 |a https://e.lanbook.com/img/cover/book/166470.jpg